[Event "RUS-ch Rapid Men 2018"]
[Site "Sochi"]
[Date "2018.10.05"]
[Round "1"]
[White "Girshgorn, Leonid"]
[Black "Alekseev, Evgeny"]
[Result "0-1"]
[WhiteElo "1925"]
[BlackElo "2620"]
[Annotator "ChessBase"]
[PlyCount "106"]
[EventDate "2018.10.05"]
[EventType "swiss"]
[EventCountry "RUS"]
[SourceTitle "playchess.com"]
[Source "ChessBase"]
[SourceQuality "1"]
[TimeControl "900+10"]

1. d4 {[%emt 0:00:00]} Nf6 {[%emt 0:00:00]} 2. Bf4 {[%emt 0:00:00]} e6 {[%emt 0:00:07]} 3. e3 {[%emt 0:00:00]} c5 {[%emt 0:00:09]} 4. c3 {[%emt 0:00:01]} Nc6 {[%emt 0:00:14]} 5. Nd2 {[%emt 0:00:02]} d5 {[%emt 0:00:05]} 6. Ngf3 {[%emt 0:00:09]} cxd4 {[%emt 0:00:09]} 7. exd4 {[%emt 0:00:03]} Nh5 {[%emt 0:00:06]} 8. Bg5 {[%emt 0:00:58]} f6 {[%emt 0:00:14]} 9. Be3 {[%emt 0:00:20]} Bd6 {[%emt 0:00:16]} 10. Bb5 {[%emt 0:01:41]} O-O {[%emt 0:01:36]} 11. O-O {[%emt 0:00:03]} a6 {[%emt 0:02:21]} 12. Ba4 {[%emt 0:02:37]} g6 {[%emt 0:00:55]} 13. c4 {[%emt 0:00:49]} Ne7 {[%emt 0:00:09]} 14. Bb3 {[%emt 0:00:56]} Kh8 {[%emt 0:00:35]} 15. Re1 {[%emt 0:00:40]} Ng7 {[%emt 0:00:15]} 16. cxd5 {[%emt 0:00:13]} exd5 {[%emt 0:00:03]} 17. Bh6 {[%emt 0:00:45]} Re8 {[%emt 0:02:56]} 18. Bxg7+ {[%emt 0:00:06]} Kxg7 {[%emt 0:00:01]} 19. Nf1 {[%emt 0:01:09]} Bf5 {[%emt 0:00:09]} 20. Nh4 {[%emt 0:00:52]} Bd7 {[%emt 0:00:17]} 21. Ne3 {[%emt 0:00:47]} Be6 {[%emt 0:01:17]} 22. Qf3 {[%emt 0:00:38]} Qd7 {[%emt 0:00:14]} 23. g3 {[%emt 0:00:43]} Bc7 {[%emt 0:00:19]} 24. Nhg2 {[%emt 0:01:26]} g5 {[%emt 0:01:01]} 25. h4 {[%emt 0:00:42]} h6 {[%emt 0:00:11]} 26. h5 {[%emt 0:00:30]} f5 {[%emt 0:00:55]} 27. Bc2 {[%emt 0:00:27]} Rf8 {[%emt 0:00:25]} 28. Re2 {[%emt 0:01:10]} g4 {[%emt 0:01:22]} 29. Nxg4 {[%emt 0:00:29]} fxg4 {[%emt 0:00:02]} 30. Qe3 {[%emt 0:00:01]} Rf6 {[%emt 0:00:03]} 31. Rae1 {[%emt 0:00:29]} Nc6 {[%emt 0:00:59]} 32. Qxe6 {[%emt 0:01:05]} Rxe6 {[%emt 0:00:07]} 33. Rxe6 {[%emt 0:00:03]} Rh8 {[%emt 0:00:55]} 34. Nh4 {[%emt 0:00:19]} Bd8 {[%emt 0:00:11]} 35. Nf5+ {[%emt 0:00:06]} Kf8 {[%emt 0:00:08]} 36. Rd6 {[%emt 0:00:19]} Qf7 {[%emt 0:00:20]} 37. Ree6 {[%emt 0:00:19]} Bc7 {[%emt 0:01:12]} 38. Rf6 {[%emt 0:00:02]} Bxd6 {[%emt 0:00:02]} 39. Rxf7+ {[%emt 0:00:01]} Kxf7 {[%emt 0:00:01]} 40. Nxd6+ {[%emt 0:00:01]} Kf6 {[%emt 0:00:14]} 41. Bb3 {[%emt 0:00:36]} Nxd4 {[%emt 0:00:31]} 42. Bxd5 {[%emt 0:00:01]} Rd8 {[%emt 0:00:03]} 43. Ne4+ {[%emt 0:00:02]} Ke5 {[%emt 0:00:11]} 44. Bxb7 {[%emt 0:00:02]} Nf3+ {[%emt 0:00:13]} 45. Kf1 {[%emt 0:00:10]} a5 {[%emt 0:00:36]} 46. a3 {[%emt 0:00:33]} Rd1+ {[%emt 0:00:11]} 47. Ke2 {[%emt 0:00:01]} Rb1 {[%emt 0:00:02]} 48. Nc5 {[%emt 0:00:13]} Rxb2+ {[%emt 0:00:13]} 49. Ke3 {[%emt 0:00:01]} Rb5 {[%emt 0:00:16]} 50. Nd3+ {[%emt 0:00:05]} Kf6 {[%emt 0:00:14]} 51. Bc8 {[%emt 0:00:33]} Rb3 {[%emt 0:00:07]} 52. Ke4 {[%emt 0:00:06]} Rxa3 {[%emt 0:00:10]} 53. Bxg4 {[%emt 0:00:02]} Rxd3 0-1

[Event "RUS-ch Rapid Men 2018"]
[Site "Sochi"]
[Date "2018.10.05"]
[Round "2"]
[White "Artemiev, Vladislav"]
[Black "Oganian, Miran"]
[Result "1-0"]
[WhiteElo "2706"]
[BlackElo "2435"]
[Annotator "TA"]
[PlyCount "57"]
[EventDate "2018.10.05"]
[EventType "swiss"]
[EventCountry "RUS"]
[SourceTitle "playchess.com"]
[Source "ChessBase"]
[SourceQuality "1"]

{[%evp 22,57,18,23,39,43,54,47,47,42,76,48,48,52,41,39,36,45,43,43,53,39,219,218,255,275,340,345,323,322,316,269,265,267,333,340,746,664]} 1. Nf3 d5 2. e3 Nf6 3. c4 e6 4. b3 c5 5. Bb2 Nc6 6. cxd5 exd5 7. d4 cxd4 {A13: English Opening: 1...e6} 8. Nxd4 Bb4+ 9. Bc3 Bxc3+ (9... Qb6 10. Bb5 O-O 11. Nxc6 Bxc3+ 12. Nxc3 bxc6 13. Be2 c5 14. O-O Be6 15. Na4 {½-½ (81) Sambuev,B (2522)-Wei,Y (2753) Tbilisi 2017}) 10. Nxc3 Qa5 11. Qd2 O-O 12. Be2 {LiveBook: 27 Games} Re8 $146 ({Predecessor:} 12... Be6 13. Nxc6 bxc6 14. O-O Qb4 15. Rfd1 {½-½ (44) Ptacnikova,L (2198)-Arabidze,M (2393) Stary Smokovec 2018}) 13. Rc1 Bd7 14. Nxc6 Bxc6 15. O-O Rad8 16. Qd4 Ne4 17. b4 Nxc3 18. Rxc3 Qxa2 19. Bd3 Qa4 20. Rc5 b6 21. Rcc1 {[#] Black must now prevent Ra1.} a5 $2 (21... Ba8 $14) 22. Qxb6 $18 Bd7 23. bxa5 {[%cal Bb4a5,Ba5a6][%mdl 32]} d4 24. Rc4 ({Much less strong is} 24. exd4 Rb8 $18) 24... Qa3 25. Rxd4 Rb8 26. Qd6 Qxd6 27. Rxd6 Be6 28. a6 Rb3 $2 {[#]} (28... Kf8 29. a7 Ra8) 29. Ra1 {Precision: White = 79%, Black = 27%.} 1-0

[Event "RUS-ch Rapid Men 2018"]
[Site "Sochi"]
[Date "2018.10.05"]
[Round "2"]
[White "Dubov, Daniil"]
[Black "Lobanov, Sergei"]
[Result "1-0"]
[WhiteElo "2703"]
[BlackElo "2539"]
[Annotator "TA"]
[PlyCount "61"]
[EventDate "2018.10.05"]
[EventType "swiss"]
[EventCountry "RUS"]
[SourceTitle "playchess.com"]
[Source "ChessBase"]
[SourceQuality "1"]

{[%evp 22,61,54,54,114,109,116,127,134,134,141,141,162,154,161,119,161,135,137,165,155,68,83,87,78,66,60,47,66,47,27,0,0,0,189,186,206,230,223,209,657,612]} 1. Nf3 d5 2. e3 Nf6 3. c4 c6 4. Nc3 e6 {[%cal Be7e6,Be6e5][%mdl 32]} 5. d4 Nbd7 6. Bd3 Bd6 7. O-O O-O 8. e4 dxc4 9. Bxc4 e5 10. Bg5 Qc7 11. d5 a6 12. Rc1 c5 {D46: Damengambit (Halbslawisch)} (12... h6 $14) 13. a4 $16 b6 $146 ({Vorgänger:} 13... h6 14. Be3 Nh7 15. Be2 Qa5 16. Nd2 Qd8 17. Nc4 Qe7 18. a5 b5 19. axb6 Rb8 20. Na4 {1-0 (27) Drnovsek,N (2193)-Plahuta,D (2014) Slovenia 2017}) 14. Nd2 Ne8 {Weiß steht besser.} 15. Be2 f6 16. Be3 g6 17. Nc4 Rb8 18. Bh6 Ng7 19. Ne3 f5 20. Nc4 f4 21. Bg4 (21. g3 $16) 21... b5 $14 22. Nxd6 Qxd6 23. axb5 axb5 24. Ra1 $36 {[%mdl 2048] Und Le6+ würde nun gewinnen. Weiss kämpft um Vorteil.} Nf6 25. Bxc8 (25. Bf3 {is interesting.} c4 26. Ra5 Bd7 27. Qc2 b4 28. Ne2) 25... Rfxc8 26. Ra5 {Droht stark De2.} b4 27. Nb5 {[%cal Bc3b5,Bb5a7,Ba7c6][%mdl 32]} Qb6 $2 {[#]} (27... Qd8 $1 $11 {und Schwarz steht sicher.} 28. Qa1 Nxe4 29. Bxg7 Kxg7) 28. Qa4 $1 $18 Nxe4 {[#]} 29. Na7 $1 {[%cal Ra7c8]} Re8 {Droht ...Sf5 und aus.} 30. Nc6 {[%mdl 1024] Weiss hat starke Kompensation.} Rbc8 $2 (30... Nf5) 31. Bxg7 {Precision: Weiß = 63%, Schwarz = 47%.} 1-0

[Event "RUS-ch Rapid Men 2018"]
[Site "Sochi"]
[Date "2018.10.05"]
[Round "2"]
[White "Matlakov, Maxim"]
[Black "Bykov, Oleg"]
[Result "1-0"]
[WhiteElo "2683"]
[BlackElo "2411"]
[Annotator "TA"]
[PlyCount "55"]
[EventDate "2018.10.05"]
[EventType "swiss"]
[EventCountry "RUS"]
[SourceTitle "playchess.com"]
[Source "ChessBase"]
[SourceQuality "1"]

{[%evp 14,55,22,11,148,148,139,149,129,2,32,20,28,28,47,9,52,11,118,135,133,124,316,332,309,320,305,314,312,233,390,396,393,368,716,573,760,597,859,857,827,855,847,840]} 1. d4 Nf6 2. Bf4 c5 3. d5 Qb6 4. Nc3 Qxb2 5. Bd2 Qb6 6. e4 d6 7. f4 Qd8 {A45: Trompowsky Attack} 8. Nf3 {LiveBook: 10 Games} e6 $146 (8... a6 $11) ({Predecessor:} 8... g6 9. Bb5+ Nfd7 10. e5 a6 11. Bxd7+ Qxd7 12. O-O Bg7 13. Ne4 dxe5 14. Bc3 O-O 15. fxe5 {1-0 (27) Andreikin,D (2712)-Ivanchuk,V (2726) Huaian 2017}) 9. Bb5+ $16 Bd7 {White is clearly better.} 10. dxe6 $1 fxe6 {[#]} 11. Bd3 (11. Ng5 $1 $16) 11... Nc6 12. e5 dxe5 13. fxe5 Ng4 14. Qe2 {[%mdl 1024] White has compensation.} Be7 (14... c4 $5 {[%cal Rc4d3]} 15. Bxc4 Ngxe5 16. Nxe5 Nxe5 $11) 15. O-O {Bxh7! is the strong threat.} Qc7 (15... c4 $1 $11 {keeps the balance.} 16. Bxc4 O-O) 16. Nb5 $36 {[%mdl 2048] White has strong initiative.} Qb6 {Threatens to win with ...c4+.} 17. c4 a6 $2 {[#]} (17... Nb4 $16) 18. Nd6+ $1 $18 Bxd6 19. exd6 O-O-O 20. Rab1 Qa7 21. h3 Nh6 $2 (21... Nf6 {is a better defense.} 22. Qe3 Ne8) 22. Bxh6 gxh6 23. Be4 Rdf8 $2 (23... Rhf8 24. Bxc6 Bxc6 25. Qxe6+ Bd7 26. Qxh6 Rfe8 27. Qxh7 b6) 24. Rb2 {White is clearly winning.} Qb8 25. Qd2 Rf6 26. Rfb1 e5 27. Rxb7 Qxd6 28. Qxd6 {Precision: White = 71%, Black = 18%.} 1-0

[Event "RUS-ch Rapid Men 2018"]
[Site "Sochi"]
[Date "2018.10.05"]
[Round "2"]
[White "Demchenko, Anton"]
[Black "Kozlov, Oleg"]
[Result "1-0"]
[WhiteElo "2679"]
[BlackElo "2275"]
[Annotator "TA"]
[PlyCount "143"]
[EventDate "2018.10.05"]
[EventType "swiss"]
[EventCountry "RUS"]
[SourceTitle "playchess.com"]
[Source "ChessBase"]
[SourceQuality "1"]

{[%evp 10,143,16,16,13,10,10,8,13,10,12,12,11,6,7,0,7,0,15,12,80,19,35,22,32,33,93,94,203,194,276,106,137,136,150,135,134,95,72,89,100,62,85,38,41,16,25,0,0,0,0,0,0,0,243,247,240,241,228,198,201,206,214,178,192,180,264,192,269,241,256,252,371,350,435,410,412,416,427,412,536,495,643,596,647,657,645,618,563,563,478,489,566,506,538,336,555,545,397,387,365,333,629,598,6804,5795,7597,6111,2930,2580,1986,1874,968,29957,29951,11356,5081,4225,29968,29968,29968,29969,29956,29959,29958,29963,29976,29976,29973,12845,29982,29980,29980,29982,29982,29983]} 1. d4 d5 2. Bf4 c5 3. e3 Nf6 4. Nf3 e6 5. Nbd2 Qb6 (5... Nc6 6. c3 Be7 7. h3 Bd6 8. dxc5 Bxc5 9. Bd3 O-O 10. O-O Bd6 11. Bxd6 Qxd6 12. e4 Rd8 13. Bc2 dxe4 14. Nxe4 Qe7 15. Qe2 {1-0 (67) So,W (2778)-Caruana,F (2816) Paris 2018}) 6. Rb1 {LiveBook: 6 Games. D02: 1 d4 d5 2 Nf3 sidelines, including 2...Nf6 3 g3 and 2...Nf6 3 Bf4} Bd7 7. Be2 cxd4 8. exd4 {The position is equal.} Bb5 $146 ({Predecessor:} 8... Be7 9. O-O O-O 10. h3 Bb5 11. c3 Bxe2 12. Qxe2 Nbd7 13. Rfc1 {½-½ (59) Budzinski,J (2012)-Zianowicz,D (1843) Suwalki 2017}) 9. O-O Nc6 10. c3 Be7 11. Re1 O-O 12. Nb3 Ne4 13. Nbd2 Nxd2 14. Qxd2 Rfc8 (14... Bxe2 $11 {keeps the balance.} 15. Rxe2 h6) 15. h4 (15. Bd1 $1 $16) 15... Na5 16. h5 Bxe2 17. Qxe2 h6 (17... Nc4 $14) 18. Ne5 $16 Qd8 (18... Nc4 $16) 19. Qg4 $1 $18 Kf8 {[#]} (19... Qf8 $142 20. Nd7 Qd8) 20. Qf3 $2 (20. Nxf7 $1 $18 {[%mdl 512] has better winning chances.} Kxf7 21. Rxe6 (21. Qxe6+ Kf8 $14)) 20... Bf6 {[#]} 21. Ng4 $1 Nc4 {[#]} 22. Bxh6 $1 {[%mdl 512]} gxh6 23. Qxf6 Qxf6 24. Nxf6 Kg7 25. Ng4 (25. Nd7 {feels hotter.} b6 26. Ne5 a5 27. Nd3 Kf6 28. f3) 25... b5 26. Re2 a5 27. Rd1 b4 28. Rd3 Nd6 29. Ne5 bxc3 30. Rg3+ Kf8 {Strongly threatening ...c2.} 31. bxc3 {Black must now prevent Nd7+.} Rab8 $2 (31... Ra7 $11) 32. Nd7+ Ke7 33. Nxb8 Rxb8 {[%mdl 4096] Endgame KRR-KRN} 34. Rd3 Rb1+ 35. Kh2 a4 36. f3 {[%cal Bf2f3,Bf3f4][%mdl 32]} a3 37. g4 {[%cal Bg2g4,Bg4g5][%mdl 32]} Nc4 (37... Kf6 $142 38. Rdd2 Nc4) 38. Kg2 Rb2 (38... Nb2 {keeps fighting.} 39. Rdd2 Kf6) 39. Kf2 Rb1 40. f4 Kf6 (40... Nd6 {was worth a try.} 41. Kg2 Kf6) 41. Rg3 Nd6 42. g5+ Kg7 43. Rg1 Rb8 44. Ke3 Rh8 45. g6 Kf6 46. Kd3 Nf5 47. gxf7 Kxf7 48. Rg6 Ng7 49. Rxg7+ Kxg7 50. Rxe6 {KR-KR} Rf8 51. Rg6+ Kh7 52. Rg4 Rb8 $2 (52... Rf5 53. Rh4 Rf8) 53. Rg2 Rb1 54. c4 dxc4+ 55. Kc3 (55. Kxc4 Rb2 $16) 55... Rf1 $2 (55... Rb5 56. Rd2 (56. Kxc4 Rb2 $16) 56... Kg7) 56. Kxc4 Rxf4 57. Kc5 Rf5+ 58. d5 Rxh5 59. Kc6 Rh1 60. d6 Rc1+ 61. Kd5 (61. Kb7 $18 Rd1 62. Kc7 Rc1+ 63. Kd8) 61... Rd1+ 62. Ke6 Re1+ 63. Kf6 Rf1+ 64. Ke7 Re1+ 65. Kd8 Rb1 66. Rg3 h5 67. d7 h4 68. Rh3 Kg6 69. Rxh4 (69. Rc3 $142 Rd1 70. Kc7 Kf5 71. d8=Q Rxd8 72. Kxd8 Kg4 73. Rxa3 h3 {[#]} 74. Rxh3 $1 {[%mdl 512]} Kxh3 75. a4) 69... Rb2 70. Rc4 {White mates.} Rxa2 71. Kc7 Rd2 72. d8=Q {Precision: White = 64%, Black = 36%.} 1-0

[Event "RUS-ch Rapid Men 2018"]
[Site "Sochi"]
[Date "2018.10.05"]
[Round "2"]
[White "Sarana, Alexey"]
[Black "Smirnov, Timofey"]
[Result "1-0"]
[WhiteElo "2641"]
[BlackElo "2332"]
[Annotator "TA"]
[PlyCount "113"]
[EventDate "2018.10.05"]
[EventType "swiss"]
[EventCountry "RUS"]
[SourceTitle "playchess.com"]
[Source "ChessBase"]
[SourceQuality "1"]

{[%evp 21,113,6,11,-28,-15,-41,47,45,51,-42,-33,-38,-16,-43,-46,-63,-62,-55,-56,-120,-88,-121,0,-121,-121,-117,-99,-166,-108,-184,-106,-87,-100,-95,-95,-90,-87,-101,-82,-101,-91,-113,-43,-74,-43,-28,0,0,0,-20,-14,-14,0,0,0,-37,-17,-132,-79,-103,-52,-64,57,13,11,0,0,0,0,0,218,130,478,501,546,548,521,437,736,1339,1725,1700,2289,2302,4133,4134,4133,3154,2544,2344,29961,29941,6283,6283]} 1. Nf3 d5 2. d4 Nf6 3. c4 c6 4. Nc3 dxc4 5. a4 e6 6. e3 c5 7. Bxc4 Nc6 8. O-O cxd4 9. exd4 Be7 {D16: Slav Defence: 5 a4: Lines with 5...Bg4 and 5...Na6} 10. Bg5 (10. Qe2 O-O 11. Rd1 Nd5 12. Qe4 Nf6 13. Qh4 Nd5 14. Qe4 Nf6 15. Qh4 Nd5 16. Qg3 Bd6 17. Qh3 {½-½ (40) Gelfand,B (2695)-Dubov,D (2696) Sochi 2018}) 10... O-O 11. Re1 b6 {LiveBook: 14 Games. The position is equal.} 12. Qd3 Bb7 13. Rad1 Rc8 (13... h6 $15 14. Bxf6 Bxf6) 14. Qe2 $14 {Hoping for Bxe6!} Nb4 {[#]} 15. Ne5 (15. d5 $1 $14 {[%mdl 512]} Rxc4 (15... Nbxd5 16. Nxd5) 16. Qxc4 Nbxd5 17. Qh4) 15... Nfd5 $15 16. Bc1 Bg5 17. Bxg5 $146 ({Predecessor:} 17. Be3 Nxc3 18. bxc3 {0-1 (36) Li,S (2500)-Yu,R (2548) China 2014}) 17... Qxg5 18. Ne4 Qe7 {aiming for ...f6.} 19. Bb3 Rc7 20. Qh5 ({White should play} 20. a5 $15) 20... Nf4 21. Qg4 Nfd5 (21... Bd5 $17 22. Re3 Bxb3 23. Rxb3 Nbd5) 22. Ng5 (22. Qh5 $11) 22... h6 $1 $17 23. Nexf7 Rxf7 (23... hxg5 $6 24. Nxg5 Rf6 25. Nxe6 $11) 24. Nxe6 (24. Nxf7 $17 Kxf7 25. Qh5+ Kg8 26. Qe5) 24... Rc8 (24... Qd7 $1 $19 25. Re5 Rc8) 25. Nc5 (25. Nxg7 $17 Rxg7 26. Rxe7 Rxg4 27. Rxb7) 25... Qg5 ({Black should try} 25... Qc7 $19 26. Nxb7 Qxb7) 26. Qxg5 hxg5 27. Nxb7 Rxb7 28. Re5 Rd7 29. Rxg5 Rcd8 30. Re1 Kf8 31. Rh5 Re7 (31... g6 $17 32. Rh8+ Kg7 33. Rxd8 Rxd8) 32. Ree5 $1 $15 {Strongly threatening Rh8+.} Rxe5 (32... Ke8 {seems wilder.} 33. Rh4 Nc7 34. Rg4 Nc6 35. Rxe7+ Nxe7 36. Kf1 g6) 33. dxe5 Ke7 34. Rg5 Kf8 (34... Kf7 {feels hotter.} 35. g3 Kf8 36. Rf5+ Ke7 37. Rg5 Kf7) 35. g3 Nd3 36. Rh5 {Threatens to win with Rh8+.} Ke7 37. Rg5 Kf8 ({Much worse is} 37... Nxb2 $6 38. Rxg7+ Ke6 39. f4 $16 (39. Rxa7 Kxe5 40. a5 b5 $11)) 38. h4 Nc5 39. Bc2 (39. Bc4 $11) 39... Nb4 (39... a5 $142 40. Rg6 Nb4) 40. Bg6 $17 Rd1+ ({Reject} 40... Nxa4 $6 41. Rf5+ Ke7 42. Rf7+ Ke6 43. Rxa7 $11) (40... Rd7 $17) 41. Kg2 {With the idea Rf5+.} Nbd3 (41... Kg8 $15) 42. Rf5+ {[%mdl 1024] White has compensation.} (42. b4 $5 Nxb4 43. Rf5+ Ke7 44. Rf7+ Ke6 45. Rxg7 $11) 42... Ke7 43. Rf7+ Ke6 44. f4 Rd2+ 45. Kf3 Ne1+ $2 {[#]} (45... Rf2+ $11 {and Black is okay.} 46. Ke3 Nxe5 $1 {[%mdl 512]} 47. f5+ (47. Rxg7 $2 Ng4+ 48. Kd4 Kf6 $19) 47... Rxf5 48. Rxf5 Nxg6) 46. Kg4 (46. Ke3 $1 $18 {[%cal Re3d2]} Rxb2 47. Rxg7) 46... Rxb2 $2 {[%mdl 8192]} (46... Rd7 $16 {is a better chance.} 47. Rf8 Rc7) 47. Rxg7 $18 Kd5 48. h5 Rh2 49. Rxa7 Ned3 (49... Ng2 $142 50. Bf7+ Ke4) 50. Bxd3 Nxd3 {[%mdl 4096] Endgame KRN-KR} 51. Rd7+ Ke4 52. e6 {[%cal Be5e6,Be6e7][%mdl 32]} Re2 {[#]} 53. Rxd3 $1 {[%mdl 512]} Kxd3 54. f5 {[%cal Bf4f5,Bf5f6][%mdl 32]} Re4+ 55. Kg5 Rxa4 56. e7 Re4 57. f6 {Precision: White = 38%, Black = 37%.} 1-0

[Event "RUS-ch Rapid Men 2018"]
[Site "Sochi"]
[Date "2018.10.05"]
[Round "2"]
[White "Alekseev, Evgeny"]
[Black "Kozak, Alexander"]
[Result "1-0"]
[WhiteElo "2620"]
[BlackElo "2262"]
[Annotator "RC"]
[PlyCount "67"]
[EventDate "2018.10.05"]
[EventType "swiss"]
[EventCountry "RUS"]
[SourceTitle "playchess.com"]
[Source "ChessBase"]
[SourceQuality "1"]
[TimeControl "900+10"]

1. e4 {[%emt 0:00:00]} c6 {[%emt 0:00:00]} 2. d4 {[%emt 0:00:02]} d5 {[%emt 0:00:00]} 3. exd5 {[%emt 0:00:09]} cxd5 {[%emt 0:00:00]} 4. Nf3 {[%emt 0:00:13]} Nc6 {[%emt 0:00:00]} 5. Ne5 {[%emt 0:00:04]} Nf6 {[%emt 0:00:14]} 6. Bb5 {[%emt 0:00:06]} Bd7 {[%emt 0:00:01]} 7. Nxd7 {[%emt 0:00:05]} Qxd7 {[%emt 0:00:01]} 8. c3 {[%emt 0:00:06]} e6 {[%emt 0:00:02]} 9. O-O {[%emt 0:00:14]} Bd6 {[%emt 0:00:01]} 10. Nd2 {[%emt 0:00:15]} O-O {[%emt 0:00:07]} 11. Bd3 {[%emt 0:00:08]} Rab8 {[%emt 0:00:07]} 12. a4 {[%emt 0:00:13]} a6 {[%emt 0:00:05]} 13. Qe2 {[%emt 0:02:47]} b5 {[%emt 0:00:03]} 14. Nf3 {[%emt 0:00:55]} Qb7 {[%emt 0:00:43]} 15. b4 {[%emt 0:01:02]} Rfc8 {[%emt 0:00:06]} 16. Bd2 {[%emt 0:00:43]} Ne4 {[%emt 0:01:14]} 17. Bxe4 {[%emt 0:01:15]} dxe4 {[%emt 0:00:02]} 18. Qxe4 {[%emt 0:01:11]} Ne7 {[%emt 0:00:19]} 19. Ng5 {[%emt 0:00:36]} g6 {[%emt 0:00:36]} 20. axb5 {[%emt 0:00:37]} axb5 {[%emt 0:00:02]} 21. Qxb7 {[%emt 0:00:50]} Rxb7 {[%emt 0:00:01]} 22. Ne4 {[%emt 0:00:09]} Rb6 {[%emt 0:00:36]} 23. Ra5 {[%emt 0:01:28]} Nd5 {[%emt 0:00:05]} 24. Rxb5 {[%emt 0:00:57]} Bf4 {[%emt 0:03:07]} 25. Rxb6 {[%emt 0:00:28]} Bxd2 {[%emt 0:00:02]} 26. Rb5 {[%emt 0:01:26]} Nxc3 {[%emt 0:00:09]} 27. Nxc3 {[%emt 0:00:09]} Rxc3 {[%emt 0:00:10]} 28. d5 {[%emt 0:00:06]} exd5 {[%emt 0:00:48]} 29. Rxd5 {[%emt 0:00:03]} Bf4 {[%emt 0:00:08]} 30. g3 {[%emt 0:00:25]} Bc7 {[%emt 0:00:02]} 31. Rc5 {[%emt 0:00:06]} Rxc5 {[%emt 0:00:03]} 32. bxc5 {[%emt 0:00:01]} Kf8 {[%emt 0:00:01]} 33. Re1 {[%emt 0:00:03]} Ba5 {[%emt 0:00:02]} 34. Re2 {[%emt 0:00:03]} 1-0

[Event "RUS-ch Rapid Men 2018"]
[Site "Sochi"]
[Date "2018.10.05"]
[Round "2"]
[White "Kobalia, Mikhail"]
[Black "Jary, Sergey"]
[Result "1-0"]
[WhiteElo "2620"]
[BlackElo "2286"]
[Annotator "TA"]
[PlyCount "93"]
[EventDate "2018.10.05"]
[EventType "swiss"]
[EventCountry "RUS"]
[SourceTitle "playchess.com"]
[Source "ChessBase"]
[SourceQuality "1"]

{[%evp 16,93,51,54,59,43,47,47,91,70,116,96,126,84,83,75,98,101,93,51,89,91,110,122,136,130,122,68,176,154,170,165,147,143,200,206,268,270,338,206,212,213,284,279,310,295,285,226,205,201,204,202,202,161,156,125,152,151,166,162,356,345,347,345,358,354,427,420,453,446,453,424,393,399,415,409,397,396,366,346]} 1. e4 d6 2. d4 g6 3. Bc4 Bg7 4. Nf3 c6 5. Bb3 Nf6 6. Qe2 O-O 7. O-O Bg4 8. Nbd2 a5 {B06: Modern Defence} (8... d5 9. e5 Nfd7 10. h3 Bxf3 11. Nxf3 e6 12. h4 c5 13. c3 Nc6 14. h5 Rc8 15. g3 cxd4 16. cxd4 {1-0 (46) Carlsen,M (2851)-Petrosian,T (2611) chess.com INT 2016}) 9. a4 {LiveBook: 6 Games} Na6 10. h3 Bxf3 {White is slightly better.} 11. Nxf3 d5 12. e5 Ne8 13. c3 $146 ({Predecessor:} 13. Bg5 Nec7 14. Qd2 Ne6 15. Bh6 Qb6 16. Rad1 {1-0 (31) Foltin,D-Eickhoff,H Germany 1994}) 13... Nec7 14. Ng5 f6 15. Nf3 {[%cal Bg5f3,Bf3d4,Bd4e6,Be6f4][%mdl 32]} Qd7 16. Re1 c5 17. c4 (17. Bd2 {seems wilder.} cxd4 18. cxd4 Nb4 19. exf6 exf6 20. Bxb4 Rfe8 21. Qd2) 17... cxd4 18. cxd5 Kh8 19. Nxd4 Nxd5 20. exf6 exf6 21. Qe6 (21. Qf3 $16 Rad8 22. Bd2) 21... Rad8 (21... Rfd8 $14) 22. Qxd7 $18 Rxd7 {[#]} 23. Ne6 $1 {Black must now prevent Rd1.} Re8 {...Nac7 is the strong threat.} 24. Bd2 $36 {[%mdl 2048] White has strong initiative.} Ndb4 (24... f5 $16 25. Nxg7 (25. Bxa5 Bxb2 26. Rad1 b6 $16) 25... Rxe1+ 26. Bxe1 Kxg7) 25. Rad1 Rde7 26. Bc3 h6 27. Nf4 {[#] Strongly threatening Rxe7.} Rxe1+ 28. Bxe1 g5 29. Ne6 Re7 30. Bc3 Nc7 31. Nxc7 Rxc7 32. Be6 Nc6 33. g4 Kh7 34. Bd7 Kg8 35. Bxc6 Rxc6 $16 {[%mdl 4096] Endgame KRB-KRB} 36. Rd8+ Kh7 37. Bxa5 f5 $2 (37... b6) 38. Rd7 $18 ({Weaker is} 38. gxf5 b6 $16) 38... Kg8 39. Rxb7 fxg4 40. hxg4 Rc4 41. Rb4 Rc2 42. b3 Bf8 43. Rb8 {And now Bb4 would win.} Kf7 44. Bb6 {White is winning.} Bd6 45. Rb7+ Ke6 46. Be3 Kd5 47. Kg2 {Precision: White = 66%, Black = 34%.} 1-0